Which Big Bang Theory Character? Quiz Stats

 Plays Quiz Updated May 29, 2016

Challenge
Share
Tweet
Embed
Score 0/28 Timer 02:00
1 Play Today
Clue Character % Correct
is dating Amy Farrah Fowler????
85.7%
uses the catchphrase 'Bazinga!'????
85.6%
is from the 'exotic subcontinent' of India????
84.9%
is from Texas????
84.6%
couldn't speak to women without alcohol????
84.6%
went to space????
84.6%
is married to Penny????
84.2%
is married to Bernadette????
84.1%
is Jewish????
83.8%
has glasses????
83.4%
is an engineer????
82.2%
doesn't have a doctorate????
81.8%
has a prestigious mother in the field of psychiatry????
78.3%
has a twin sister????
76.8%
Clue Character % Correct
has a dog named Cinnamon????
73.3%
frequently has video calls with his parents????
72.2%
is a theoretical physicist????
69.5%
usually drinks a 'grasshopper'????
68.5%
is a skilled magician????
68.3%
is an experimental physicist????
68.1%
is allergic to peanuts????
67.7%
is an astrophysicist????
67%
briefly moved to Montana????
65.6%
is from New Jersey???
65.5%
has perfect pitch????
61.6%
went to the North Sea to work with Stephen Hawking????
61.1%
was featured on People magazine (on the show)????
54.8%
attended Princeton????
53.5%

You're not logged in!

Compare scores with friends on all Sporcle quizzes.
OR
Log In

You Might Also Like...

Show Comments

Extras

Top Quizzes Today


Score Distribution

Your Account Isn't Verified!

In order to create a playlist on Sporcle, you need to verify the email address you used during registration. Go to your Sporcle Settings to finish the process.

Report this User

Report this user for behavior that violates our Community Guidelines.

Details: